[Event "DVM U16 2023"]
[Site "Magdeburg GER"]
[Date "2023.12.29"]
[Round "6"]
[White "Colditz, Elias"]
[Black "Kauth, Lukas"]
[Result "0-1"]
[Termination "normal"]
[Board "8.2"]
[WhiteElo "1706"]
[BlackElo "1696"]
[WhiteClock "00:16:19"]
[BlackClock "00:13:09"]
[WhiteTeam "SV Multatuli Ingelheim"]
[BlackTeam "SK Bebenhausen 1992"]
[PlyCount "100"]
[WhiteFideId "16298039"]
[BlackFideId "16272994"]
[EventCountry "GER"]
[EventRounds "7"]
[EventType "team-swiss"]
[EventDate "2023.12.26"]

1. e4 {[%clk 01:30:59]} c5 {[%clk 01:30:32]} {[%emt 00:00:28]} 2. Ne2 {[%clk
01:30:31]} {[%emt 00:00:58]} d6 {[%clk 01:30:21]} {[%emt 00:00:41]} 3. g3
{[%clk 01:30:36]} {[%emt 00:00:25]} b6 {[%clk 01:09:21]} {[%emt 00:21:30]} 4.
Bg2 {[%clk 01:28:40]} {[%emt 00:02:27]} Bb7 {[%clk 01:09:15]} {[%emt 00:00:36]}
5. d4 {[%clk 01:23:51]} {[%emt 00:05:18]} Nd7 {[%clk 01:07:34]} {[%emt
00:02:11]} 6. d5 {[%clk 01:15:14]} {[%emt 00:09:07]} h5 {[%emt 00:16:28]} 7. h4
{[%clk 01:06:29]} g6 {[%clk 01:00:01]} {[%emt 00:01:20]} 8. O-O {[%clk
01:05:34]} {[%emt 00:01:25]} Bg7 {[%clk 00:59:02]} {[%emt 00:01:29]} 9. Nbc3
{[%clk 01:02:23]} {[%emt 00:03:41]} a6 {[%clk 00:57:49]} {[%emt 00:01:43]} 10.
a4 {[%clk 01:00:41]} {[%emt 00:02:13]} Nh6 {[%clk 00:56:13]} {[%emt 00:02:05]}
11. Bxh6 {[%clk 00:51:11]} {[%emt 00:10:00]} Bxh6 {[%clk 00:55:22]} {[%emt
00:01:22]} 12. f4 {[%clk 00:48:50]} {[%emt 00:02:50]} Qc7 {[%clk 00:44:10]}
{[%emt 00:11:41]} 13. Bh3 {[%clk 00:43:46]} {[%emt 00:05:35]} O-O-O {[%clk
00:37:28]} {[%emt 00:07:12]} 14. Nc1 {[%clk 00:39:22]} {[%emt 00:04:55]} Kb8
{[%clk 00:33:54]} {[%emt 00:04:03]} 15. Qe1 {[%clk 00:36:07]} {[%emt 00:03:46]}
Bg7 {[%clk 00:22:51]} {[%emt 00:11:32]} 16. Nb3 {[%clk 00:29:50]} {[%emt
00:06:48]} c4 {[%clk 00:12:53]} {[%emt 00:10:28]} 17. Nd2 {[%clk 00:29:00]}
{[%emt 00:01:19]} Qc5+ {[%clk 00:12:17]} {[%emt 00:01:06]} 18. Kg2 {[%clk
00:26:20]} {[%emt 00:03:10]} Bxc3 {[%clk 00:11:42]} {[%emt 00:01:05]} 19. bxc3
{[%clk 00:26:43]} {[%emt 00:00:08]} f5 {[%clk 00:10:02]} {[%emt 00:02:09]} 20.
exf5 {[%clk 00:23:25]} {[%emt 00:03:48]} Qxd5+ {[%clk 00:09:51]} {[%emt
00:00:41]} 21. Nf3 {[%clk 00:21:10]} {[%emt 00:02:45]} gxf5 {[%clk 00:09:16]}
{[%emt 00:01:06]} 22. Rd1 {[%clk 00:19:22]} {[%emt 00:02:17]} Qf7 {[%clk
00:09:31]} {[%emt 00:00:16]} 23. Kh2 {[%clk 00:18:28]} {[%emt 00:01:24]} Bxf3
{[%clk 00:08:51]} {[%emt 00:01:09]} 24. Rxf3 {[%clk 00:18:50]} {[%emt
00:00:08]} Nc5 {[%clk 00:08:44]} {[%emt 00:00:37]} 25. Re3 {[%clk 00:18:24]}
{[%emt 00:00:56]} e6 {[%clk 00:08:54]} {[%emt 00:00:20]} 26. Bf1 {[%clk
00:17:12]} {[%emt 00:01:42]} d5 {[%clk 00:09:04]} {[%emt 00:00:20]} 27. Rb1
{[%clk 00:16:10]} {[%emt 00:01:33]} Rd6 {[%clk 00:08:03]} {[%emt 00:01:31]} 28.
a5 {[%clk 00:15:00]} {[%emt 00:01:40]} b5 {[%clk 00:07:42]} {[%emt 00:00:50]}
29. Qd1 {[%clk 00:14:31]} {[%emt 00:00:59]} Ne4 {[%clk 00:03:08]} {[%emt
00:05:05]} 30. Qd4 {[%clk 00:13:55]} {[%emt 00:01:06]} Rg8 {[%clk 00:02:42]}
{[%emt 00:00:56]} 31. Qe5 {[%clk 00:13:24]} {[%emt 00:01:00]} Qg7 {[%clk
00:02:16]} {[%emt 00:00:56]} 32. Bg2 {[%clk 00:12:55]} {[%emt 00:00:59]} Qxe5
{[%clk 00:02:14]} {[%emt 00:00:32]} 33. fxe5 {[%clk 00:13:11]} {[%emt
00:00:14]} Nf2 {[%clk 00:02:42]} {[%emt 00:00:02]} 34. Bf3 {[%clk 00:10:58]}
{[%emt 00:02:44]} Rd7 {[%clk 00:02:41]} {[%emt 00:00:31]} 35. Rf1 {[%clk
00:10:44]} {[%emt 00:00:43]} Ng4+ {[%clk 00:02:42]} {[%emt 00:00:29]} 36. Bxg4
{[%clk 00:11:09]} {[%emt 00:00:05]} hxg4 {[%clk 00:03:08]} {[%emt 00:00:04]}
37. Rf4 {[%clk 00:11:03]} {[%emt 00:00:36]} Kc7 {[%clk 00:03:19]} {[%emt
00:00:19]} 38. Re1 {[%clk 00:09:59]} {[%emt 00:01:34]} Kc6 {[%clk 00:03:22]}
{[%emt 00:00:27]} 39. Rb1 {[%clk 00:10:18]} {[%emt 00:00:10]} Kc5 {[%clk
00:01:35]} {[%emt 00:02:19]} 40. Rd4 {[%clk 00:10:19]} {[%emt 00:00:28]} Rb7
{[%clk 00:01:01]} {[%emt 00:01:04]} 41. Rb4 {[%clk 00:09:40]} {[%emt 00:01:09]}
Rf7 {[%clk 00:29:53]} {[%emt 00:01:38]} 42. Rf4 {[%clk 00:31:28]} {[%emt
00:08:41]} Rd8 {[%clk 00:27:24]} {[%emt 00:03:00]} 43. Rd4 {[%clk 00:31:25]}
{[%emt 00:00:33]} f4 {[%clk 00:12:06]} {[%emt 00:15:48]} 44. gxf4 {[%clk
00:27:20]} {[%emt 00:04:34]} g3+ {[%clk 00:12:32]} {[%emt 00:00:05]} 45. Kxg3
{[%clk 00:20:02]} {[%emt 00:07:47]} Rg8+ {[%clk 00:12:47]} {[%emt 00:00:15]}
46. Kh2 {[%clk 00:16:24]} {[%emt 00:04:09]} Rfg7 {[%clk 00:13:09]} {[%emt
00:00:08]} 47. Rd2 {[%clk 00:15:58]} {[%emt 00:00:56]} Rg4 {[%clk 00:12:38]}
{[%emt 00:01:00]} 48. Kh3 {[%clk 00:15:50]} {[%emt 00:00:38]} Rg3+ {[%clk
00:12:58]} {[%emt 00:00:10]} 49. Kh2 {[%clk 00:16:16]} {[%emt 00:00:05]} Rxc3
{[%clk 00:13:05]} {[%emt 00:00:23]} 50. Rb1 {[%clk 00:16:19]} {[%emt 00:00:28]}
Rf3 {[%clk 00:13:09]} {[%emt 00:00:25]} 0-1

[Event "DVM U16 2023"]
[Site "Magdeburg GER"]
[Date "2023.12.29"]
[Round "6"]
[White "Andrei, Quentin"]
[Black "Strauß, Florian"]
[Result "1/2-1/2"]
[Termination "normal"]
[Board "8.3"]
[WhiteElo "1550"]
[BlackElo "1454"]
[WhiteClock "00:21:39"]
[BlackClock "00:56:24"]
[WhiteTeam "SK Bebenhausen 1992"]
[BlackTeam "SV Multatuli Ingelheim"]
[PlyCount "58"]
[WhiteFideId "16255712"]
[BlackFideId "16298047"]
[EventCountry "GER"]
[EventRounds "7"]
[EventType "team-swiss"]
[EventDate "2023.12.26"]

1. e4 {[%clk 01:30:59]} d5 {[%clk 01:30:56]} {[%emt 00:00:04]} 2. exd5 {[%clk
01:31:19]} {[%emt 00:00:12]} Nf6 {[%clk 01:31:22]} {[%emt 00:00:03]} 3. Nf3
{[%clk 01:31:24]} {[%emt 00:00:24]} Nxd5 {[%clk 01:31:43]} {[%emt 00:00:10]} 4.
g3 {[%clk 01:31:45]} {[%emt 00:00:09]} Bg4 {[%clk 01:31:30]} {[%emt 00:00:43]}
5. Bg2 {[%clk 01:32:01]} {[%emt 00:00:13]} e6 {[%clk 01:31:51]} {[%emt
00:00:09]} 6. h3 {[%clk 01:32:13]} {[%emt 00:00:19]} Bh5 {[%clk 01:32:13]}
{[%emt 00:00:08]} 7. O-O {[%clk 01:32:16]} {[%emt 00:00:24]} Nd7 {[%clk
01:31:29]} {[%emt 00:01:17]} 8. Nc3 {[%clk 01:29:10]} {[%emt 00:03:35]} N7f6
{[%clk 01:30:32]} {[%emt 00:01:28]} 9. Ne2 {[%clk 01:12:56]} {[%emt 00:16:45]}
Be7 {[%clk 01:29:03]} {[%emt 00:01:58]} 10. d4 {[%clk 01:12:20]} {[%emt
00:01:06]} c6 {[%clk 01:28:50]} {[%emt 00:00:42]} 11. c4 {[%clk 01:08:50]}
{[%emt 00:04:01]} Nb6 {[%clk 01:28:52]} {[%emt 00:00:27]} 12. b3 {[%clk
01:07:42]} {[%emt 00:01:38]} O-O {[%clk 01:28:37]} {[%emt 00:00:46]} 13. Nf4
{[%clk 01:06:12]} {[%emt 00:02:00]} Bxf3 {[%clk 01:25:11]} {[%emt 00:03:56]}
14. Bxf3 {[%clk 01:03:51]} {[%emt 00:02:51]} a5 {[%clk 01:24:02]} {[%emt
00:01:39]} 15. Bb2 {[%clk 01:01:51]} {[%emt 00:02:30]} a4 {[%clk 01:22:36]}
{[%emt 00:01:55]} 16. Rc1 {[%clk 00:59:39]} {[%emt 00:02:42]} axb3 {[%clk
01:18:12]} {[%emt 00:04:55]} 17. Qxb3 {[%clk 00:59:40]} {[%emt 00:00:29]} Na4
{[%clk 01:15:55]} {[%emt 00:02:46]} 18. Ba1 {[%clk 00:57:58]} {[%emt 00:02:12]}
Qb6 {[%clk 01:07:26]} {[%emt 00:09:00]} 19. Rfd1 {[%clk 00:43:35]} {[%emt
00:14:53]} Qxb3 {[%clk 01:05:49]} {[%emt 00:02:06]} 20. axb3 {[%clk 00:44:03]}
{[%emt 00:00:02]} Nb6 {[%clk 01:05:47]} {[%emt 00:00:31]} 21. d5 {[%clk
00:39:49]} {[%emt 00:04:46]} exd5 {[%clk 01:04:56]} {[%emt 00:01:21]} 22. Bd4
{[%clk 00:35:36]} {[%emt 00:04:43]} c5 {[%clk 01:02:42]} {[%emt 00:02:44]} 23.
Bxf6 {[%clk 00:35:58]} {[%emt 00:00:08]} Bxf6 {[%clk 01:02:39]} {[%emt
00:00:33]} 24. Nxd5 {[%clk 00:33:48]} {[%emt 00:02:40]} Nxd5 {[%clk 01:02:25]}
{[%emt 00:00:44]} 25. Rxd5 {[%clk 00:33:14]} {[%emt 00:01:04]} Ra3 {[%clk
01:01:38]} {[%emt 00:01:16]} 26. Rxc5 {[%clk 00:27:15]} {[%emt 00:06:30]} Rxb3
{[%clk 01:01:16]} {[%emt 00:00:52]} 27. Bd5 {[%clk 00:26:11]} {[%emt 00:01:34]}
Bd4 {[%clk 00:58:02]} {[%emt 00:03:43]} 28. Rc7 {[%clk 00:24:43]} {[%emt
00:01:58]} b6 {[%clk 00:56:42]} {[%emt 00:01:51]} 29. Kg2 {[%clk 00:21:39]}
{[%emt 00:03:34]} Rb2 {[%clk 00:56:24]} {[%emt 00:00:46]} 1/2-1/2

[Event "DVM U16 2023"]
[Site "Magdeburg GER"]
[Date "2023.12.29"]
[Round "6"]
[White "Yue, Qihang"]
[Black "Geray, Idar"]
[Result "1-0"]
[Termination "normal"]
[Board "8.4"]
[WhiteElo "1433"]
[BlackElo "1456"]
[WhiteClock "01:30:40"]
[BlackClock "01:13:09"]
[WhiteTeam "SV Multatuli Ingelheim"]
[BlackTeam "SK Bebenhausen 1992"]
[PlyCount "35"]
[WhiteFideId "16278968"]
[BlackFideId "34615059"]
[EventCountry "GER"]
[EventRounds "7"]
[EventType "team-swiss"]
[EventDate "2023.12.26"]

1. e4 {[%clk 01:30:55]} {[%emt 00:00:04]} e5 {[%clk 01:30:57]} {[%emt
00:00:05]} 2. Nf3 {[%clk 01:31:06]} {[%emt 00:00:18]} Nc6 {[%clk 01:31:23]}
{[%emt 00:00:04]} 3. Bc4 {[%clk 01:31:27]} {[%emt 00:00:09]} Bc5 {[%clk
01:31:49]} {[%emt 00:00:04]} 4. Nc3 {[%clk 01:31:24]} {[%emt 00:00:33]} Nf6
{[%clk 01:31:50]} {[%emt 00:00:29]} 5. d3 {[%clk 01:31:35]} {[%emt 00:00:19]}
d6 {[%clk 01:32:15]} {[%emt 00:00:05]} 6. Bg5 {[%clk 01:31:57]} {[%emt
00:00:08]} h6 {[%clk 01:32:31]} {[%emt 00:00:15]} 7. Bxf6 {[%clk 01:32:18]}
{[%emt 00:00:08]} Qxf6 {[%clk 01:32:52]} {[%emt 00:00:09]} 8. Nd5 {[%clk
01:32:42]} {[%emt 00:00:06]} Qd8 {[%clk 01:32:42]} {[%emt 00:00:40]} 9. c3
{[%clk 01:33:05]} {[%emt 00:00:07]} Na5 {[%clk 01:32:41]} {[%emt 00:00:31]} 10.
Qa4+ {[%clk 01:31:32]} {[%emt 00:02:02]} Nc6 {[%clk 01:32:30]} {[%emt
00:00:41]} 11. d4 {[%clk 01:31:11]} {[%emt 00:00:52]} exd4 {[%clk 01:16:43]}
{[%emt 00:16:18]} 12. cxd4 {[%clk 01:31:33]} {[%emt 00:00:07]} Bb6 {[%clk
01:16:23]} {[%emt 00:00:50]} 13. Nxb6 {[%clk 01:31:47]} {[%emt 00:00:16]} cxb6
{[%clk 01:16:49]} {[%emt 00:00:04]} 14. d5 {[%clk 01:32:00]} {[%emt 00:00:16]}
b5 {[%clk 01:12:17]} {[%emt 00:05:02]} 15. Bxb5 {[%clk 01:31:40]} {[%emt
00:00:50]} a6 {[%clk 01:12:43]} {[%emt 00:00:05]} 16. dxc6 {[%clk 01:31:43]}
{[%emt 00:00:26]} O-O {[%clk 01:12:58]} {[%emt 00:00:16]} 17. O-O {[%clk
01:31:21]} {[%emt 00:00:51]} Bg4 {[%clk 01:13:09]} {[%emt 00:00:20]} 18. cxb7
{[%clk 01:30:40]} {[%emt 00:01:12]} 1-0

[Event "DVM U16 2023"]
[Site "Magdeburg GER"]
[Date "2023.12.29"]
[Round "6"]
[White "Winkler, Yonathan"]
[Black "Aumüller, Naum"]
[Result "1/2-1/2"]
[Termination "normal"]
[Board "9.1"]
[WhiteElo "1972"]
[BlackElo "1881"]
[WhiteClock "00:07:55"]
[BlackClock "00:29:18"]
[WhiteTeam "Bielefelder SK 1883"]
[BlackTeam "SC Bavaria Regensburg 1881"]
[PlyCount "85"]
[WhiteFideId "16266080"]
[BlackFideId "16263960"]
[EventCountry "GER"]
[EventRounds "7"]
[EventType "team-swiss"]
[EventDate "2023.12.26"]

1. e4 {[%clk 01:30:54]} e5 {[%clk 01:30:54]} {[%emt 00:00:07]} 2. Nf3 {[%clk
01:31:18]} {[%emt 00:00:04]} Nc6 {[%clk 01:31:19]} {[%emt 00:00:05]} 3. Nc3
{[%clk 01:31:43]} {[%emt 00:00:06]} Nf6 {[%clk 01:30:48]} {[%emt 00:01:01]} 4.
Bb5 {[%clk 01:31:55]} {[%emt 00:00:14]} Nd4 {[%clk 01:30:11]} {[%emt 00:01:10]}
5. O-O {[%clk 01:32:17]} {[%emt 00:00:08]} Bd6 {[%clk 01:26:26]} {[%emt
00:04:16]} 6. Re1 {[%clk 01:30:58]} {[%emt 00:01:46]} O-O {[%clk 01:23:38]}
{[%emt 00:03:21]} 7. Nxd4 {[%clk 01:23:31]} {[%emt 00:07:57]} exd4 {[%clk
01:24:01]} {[%emt 00:00:07]} 8. e5 {[%clk 01:23:24]} {[%emt 00:00:37]} Bxe5
{[%clk 01:22:43]} {[%emt 00:01:48]} 9. Rxe5 {[%clk 01:23:46]} {[%emt 00:00:08]}
dxc3 {[%clk 01:23:05]} {[%emt 00:00:09]} 10. dxc3 {[%clk 01:24:10]} {[%emt
00:00:04]} c6 {[%clk 01:13:11]} {[%emt 00:10:24]} 11. Bd3 {[%clk 01:23:08]}
{[%emt 00:01:32]} d5 {[%clk 01:06:28]} {[%emt 00:07:13]} 12. h3 {[%clk
01:12:01]} {[%emt 00:11:37]} Nd7 {[%clk 00:59:23]} {[%emt 00:07:34]} 13. Rg5
{[%clk 00:57:52]} {[%emt 00:14:40]} Nc5 {[%clk 00:50:46]} {[%emt 00:09:07]} 14.
Rg3 {[%clk 00:50:32]} {[%emt 00:07:50]} g6 {[%clk 00:37:54]} {[%emt 00:13:22]}
15. Bh6 {[%clk 00:48:21]} {[%emt 00:02:39]} Re8 {[%clk 00:36:04]} {[%emt
00:02:21]} 16. Bg5 {[%clk 00:40:20]} {[%emt 00:08:32]} Qd6 {[%clk 00:34:04]}
{[%emt 00:02:30]} 17. Qd2 {[%clk 00:36:11]} {[%emt 00:04:38]} Nxd3 {[%clk
00:31:29]} {[%emt 00:03:06]} 18. cxd3 {[%clk 00:29:59]} {[%emt 00:06:42]} Bf5
{[%clk 00:28:59]} {[%emt 00:03:00]} 19. Rf3 {[%clk 00:29:13]} {[%emt 00:01:16]}
Bd7 {[%clk 00:25:58]} {[%emt 00:03:31]} 20. Bf4 {[%clk 00:24:16]} {[%emt
00:05:27]} Qe6 {[%clk 00:23:07]} {[%emt 00:03:21]} 21. Re3 {[%clk 00:23:35]}
{[%emt 00:01:12]} Qf5 {[%clk 00:22:25]} {[%emt 00:01:11]} 22. d4 {[%clk
00:21:32]} {[%emt 00:02:33]} Rxe3 {[%clk 00:21:27]} {[%emt 00:01:29]} 23. fxe3
{[%clk 00:21:54]} {[%emt 00:00:08]} Qe4 {[%clk 00:17:47]} {[%emt 00:04:10]} 24.
Be5 {[%clk 00:20:46]} {[%emt 00:01:38]} Bf5 {[%clk 00:16:42]} {[%emt 00:01:35]}
25. Qf2 {[%clk 00:19:39]} {[%emt 00:01:37]} Rf8 {[%clk 00:14:49]} {[%emt
00:02:22]} 26. g4 {[%clk 00:16:50]} {[%emt 00:03:20]} f6 {[%clk 00:14:41]}
{[%emt 00:00:39]} 27. Bd6 {[%clk 00:15:09]} {[%emt 00:02:10]} Rd8 {[%clk
00:14:29]} {[%emt 00:00:41]} 28. Bc5 {[%clk 00:14:43]} {[%emt 00:00:57]} b6
{[%clk 00:12:52]} {[%emt 00:02:07]} 29. Ba3 {[%clk 00:13:50]} {[%emt 00:01:22]}
Bd7 {[%clk 00:12:26]} {[%emt 00:00:56]} 30. Qf4 {[%clk 00:13:44]} {[%emt
00:00:37]} Qxf4 {[%clk 00:12:29]} {[%emt 00:00:28]} 31. exf4 {[%clk 00:14:09]}
{[%emt 00:00:04]} Re8 {[%clk 00:12:27]} {[%emt 00:00:31]} 32. Kf2 {[%clk
00:14:28]} {[%emt 00:00:12]} Kf7 {[%clk 00:12:38]} {[%emt 00:00:19]} 33. Kf3
{[%clk 00:14:14]} {[%emt 00:00:45]} Re4 {[%clk 00:12:25]} {[%emt 00:00:42]} 34.
Bd6 {[%clk 00:14:10]} {[%emt 00:00:33]} Bc8 {[%clk 00:11:41]} {[%emt 00:01:14]}
35. a4 {[%clk 00:13:19]} {[%emt 00:01:21]} a6 {[%clk 00:08:22]} {[%emt
00:03:50]} 36. Bc7 {[%clk 00:13:39]} {[%emt 00:00:09]} b5 {[%clk 00:08:45]}
{[%emt 00:00:08]} 37. axb5 {[%clk 00:14:04]} {[%emt 00:00:04]} cxb5 {[%clk
00:09:12]} {[%emt 00:00:03]} 38. Rc1 {[%clk 00:12:28]} {[%emt 00:02:06]} Bb7
{[%clk 00:09:12]} {[%emt 00:00:30]} 39. b3 {[%clk 00:11:47]} {[%emt 00:01:11]}
Ke6 {[%clk 00:08:19]} {[%emt 00:01:23]} 40. Bd8 {[%clk 00:11:39]} {[%emt
00:00:38]} Bc6 {[%clk 00:06:33]} {[%emt 00:02:16]} 41. Ra1 {[%clk 00:09:25]}
{[%emt 00:02:44]} Bb7 {[%clk 00:06:30]} {[%emt 00:00:33]} 42. h4 {[%clk
00:07:55]} {[%emt 00:02:01]} h5 {[%clk 00:29:18]} {[%emt 00:07:43]} 43. g5
1/2-1/2